|
|
|
|
| LEADER |
00000nam0a2200000 4500 |
| 001 |
73030 |
| 005 |
20231031084047.0 |
| 035 |
|
|
|a (RuTPU)RU\TPU\book\77866
|
| 090 |
|
|
|a 73030
|
| 100 |
|
|
|a 20050207d1967 k y0rusy50 ca
|
| 101 |
0 |
|
|a rus
|
| 102 |
|
|
|a RU
|
| 105 |
|
|
|a a z 001zy
|
| 200 |
1 |
|
|a Релейная защита линий с ответвлениями
|f А. Н. Кожин, В. А. Рубинчик
|
| 210 |
|
|
|a Москва
|c Энергия
|d 1967
|
| 215 |
|
|
|a 262 с.
|c ил.
|
| 320 |
|
|
|a Библиогр.: с. 256-259.
|
| 610 |
1 |
|
|a релейная защита
|
| 610 |
1 |
|
|a электрические линии
|
| 610 |
1 |
|
|a схемы
|
| 610 |
1 |
|
|a расчет
|
| 610 |
1 |
|
|a токовые защиты
|
| 675 |
|
|
|a 621.316.925
|v 3
|
| 700 |
|
1 |
|a Кожин
|b А. Н.
|g Андрей Николаевич
|
| 701 |
|
1 |
|a Рубинчик
|b В. А.
|g Виктор Азарьевич
|
| 801 |
|
1 |
|a RU
|b 63413507
|c 20050207
|g PSBO
|
| 801 |
|
2 |
|a RU
|b 63413507
|c 20221012
|g PSBO
|
| 942 |
|
|
|c BK
|